[Event "Barbera del Valles op 45th"]
[Site "Barbera del Valles"]
[Date "2023.07.11"]
[Round "8"]
[White "Marimon Rubia, Nil"]
[Black "Lever, Erwan"]
[Result "0-1"]
[WhiteElo "1969"]
[BlackElo "2252"]
[PlyCount "86"]
[EventDate "2023.07.04"]
[EventType "swiss"]
[EventRounds "9"]
[EventCountry "ESP"]
[SourceTitle "CBM 215 Extra"]
[Source "ChessBase"]
[SourceDate "2023.09.30"]
[SourceVersion "1"]
[SourceVersionDate "2023.09.30"]
[SourceQuality "1"]

1. e4 c5 2. Nf3 e6 3. d4 cxd4 4. Nxd4 a6 5. c4 Nf6 6. Nc3 Qc7 7. a3 b6 8. Be3 Bb7 9. f3 Be7 10. Rc1 0-0 11. Be2 d6 12. 0-0 Nbd7 13. b4 Rac8 14. Qd2 Qb8 15. Kh1 h5 16. Rfd1 h4 17. Bf1 Ne5 18. Na4 Bd8 19. Nb3 h3 20. Nb2 d5 21. exd5 exd5 22. c5 b5 23. Bf4 Bc7 24. Na5 Ba8 25. Bxe5 Bxe5 26. g3 Bxg3 27. Nd3 d4 28. c6 Bc7 29. Bxh3 Bxa5 30. Bxc8 Rxc8 31. bxa5 Rxc6 32. Rxc6 Bxc6 33. Ne1 Ng4 34. Kg1 Ne3 35. Rc1 Qd6 36. Rxc6 Qxc6 37. Qxd4 Nc4 38. Qd3 Qc5+ 39. Kg2 Qg5+ 40. Kf1 Nxa5 41. Nc2 Nc4 42. Nb4 a5 43. Nd5 Qxd5 0-1

[Event "Barbera del Valles op 45th"]
[Site "Barbera del Valles"]
[Date "2023.07.10"]
[Round "7"]
[White "Dahale, Atul"]
[Black "Marimon Rubia, Nil"]
[Result "1/2-1/2"]
[WhiteElo "2150"]
[BlackElo "1969"]
[PlyCount "75"]
[EventDate "2023.07.04"]
[EventType "swiss"]
[EventRounds "9"]
[EventCountry "ESP"]
[SourceTitle "CBM 215 Extra"]
[Source "ChessBase"]
[SourceDate "2023.09.30"]
[SourceVersion "1"]
[SourceVersionDate "2023.09.30"]
[SourceQuality "1"]

1. d4 Nf6 2. c4 e6 3. a3 d5 4. Nf3 c6 5. cxd5 exd5 6. Nc3 Bd6 7. Bg5 Bf5 8. e3 Nbd7 9. Bd3 Bxd3 10. Qxd3 0-0 11. 0-0 Re8 12. b4 a6 13. Na4 h6 14. Bh4 Qc7 15. Nc5 Ne4 16. Rac1 a5 17. Bg3 Nxg3 18. hxg3 axb4 19. axb4 Nf6 20. b5 cxb5 21. Nh4 b6 22. Na4 bxa4 23. Rxc7 Bxc7 24. Nf5 g6 25. Qc2 Ra7 26. Nh4 Kg7 27. Ra1 b5 28. Nf3 Re6 29. Ne5 Bxe5 30. dxe5 Rxe5 31. Qb2 Re6 32. Qxb5 a3 33. Ra2 Rea6 34. f3 h5 35. Qc5 Ra5 36. Qc3 Ra4 37. Qc5 R7a6 38. Kh2 1/2-1/2

[Event "Barbera del Valles op 45th"]
[Site "Barbera del Valles"]
[Date "2023.07.05"]
[Round "2"]
[White "Marimon Rubia, Nil"]
[Black "Flom, Gabriel"]
[Result "0-1"]
[WhiteElo "1969"]
[BlackElo "2438"]
[PlyCount "58"]
[EventDate "2023.07.04"]
[EventType "swiss"]
[EventRounds "9"]
[EventCountry "ESP"]
[SourceTitle "CBM 215 Extra"]
[Source "ChessBase"]
[SourceDate "2023.09.30"]
[SourceVersion "1"]
[SourceVersionDate "2023.09.30"]
[SourceQuality "1"]

1. e4 c5 2. Nc3 d6 3. d4 cxd4 4. Qxd4 Nc6 5. Qd2 Nf6 6. b3 e6 7. Bb2 a6 8. 0-0-0 Qc7 9. f4 b5 10. Bd3 Bb7 11. Nf3 Nb4 12. Kb1 Nxd3 13. cxd3 Be7 14. g4 b4 15. Na4 Nxe4 16. dxe4 Bxe4+ 17. Ka1 Bxf3 18. Rc1 Qb7 19. Rhg1 0-0 20. f5 e5 21. Rcf1 f6 22. h4 Rac8 23. Qe3 Be4 24. Rc1 d5 25. Qf2 d4 26. Rxc8 Rxc8 27. g5 Rc2 28. Qf1 Qb5 29. Qh3 Qd3 0-1

[Event "Foment Martinenc op-A 23rd"]
[Site "Barcelona"]
[Date "2023.05.13"]
[Round "4"]
[White "Garcia Jimenez, Francisco Javier"]
[Black "Marimon Rubia, Nil"]
[Result "1/2-1/2"]
[WhiteElo "2240"]
[BlackElo "2035"]
[PlyCount "92"]
[EventDate "2023.04.22"]
[EventType "swiss"]
[EventRounds "9"]
[EventCountry "ESP"]
[SourceTitle "EXT 2024"]
[Source "ChessBase"]
[SourceDate "2023.10.10"]
[SourceVersion "1"]
[SourceVersionDate "2023.10.10"]
[SourceQuality "1"]

1. e4 c6 2. d4 d5 3. exd5 cxd5 4. Bd3 Nc6 5. c3 Qc7 6. f4 Nf6 7. Nf3 Bg4 8. 0-0 e6 9. Qe1 Bxf3 10. Rxf3 Bd6 11. Na3 a6 12. Nc2 0-0 13. Qh4 Be7 14. Rh3 g6 15. f5 exf5 16. Ne3 h5 17. Nxf5 Ne4 18. Nxe7+ Qxe7 19. Bxe4 Qxe4 20. Bf4 Rfe8 21. Qg5 Qe2 22. Rf1 Re4 23. Qxd5 Rd8 24. Qb3 Na5 25. Qb6 Rd5 26. Rhf3 Rf5 27. R3f2 Rexf4 28. Rxf4 Qe3+ 29. R4f2 Nc4 30. Qxb7 Nd2 31. Qc8+ Kg7 32. Qxa6 Nxf1 33. Qxf1 Rxf2 34. Qxf2 Qc1+ 35. Qf1 Qxb2 36. Qe1 Qxa2 37. h3 Kh7 38. Qg3 Qe2 39. Qe5 Qd2 40. d5 f6 41. Qd4 Qxd4+ 42. cxd4 Kg7 43. Kf2 Kf7 44. Ke3 Ke7 45. h4 Kd7 46. g3 Ke7 1/2-1/2

[Event "Catalan-ch U10/20"]
[Site "Tarragona"]
[Date "2022.04.12"]
[Round "6"]
[White "Marimon Rubia, Nil"]
[Black "Pardina Domenech, Victor"]
[Result "0-1"]
[WhiteElo "1571"]
[BlackElo "1857"]
[PlyCount "54"]
[EventDate "2022.04.09"]
[EventType "swiss"]
[EventRounds "9"]
[EventCountry "ESP"]
[SourceTitle "EXT 2023"]
[Source "ChessBase"]
[SourceDate "2022.10.05"]
[SourceVersion "1"]
[SourceVersionDate "2022.10.05"]
[SourceQuality "1"]

1. e4 e6 2. Nf3 d5 3. Nc3 Nf6 4. e5 Nfd7 5. d4 c5 6. dxc5 Bxc5 7. Bd3 Nc6 8. Bf4 a6 9. 0-0 Be7 10. Qd2 0-0 11. Rae1 Nc5 12. Bg5 f6 13. exf6 Bxf6 14. Bxf6 Qxf6 15. Re2 Bd7 16. Rfe1 Rae8 17. Ng5 Nxd3 18. cxd3 Nd4 19. Re5 Nc6 20. R5e2 Qg6 21. Kh1 Nb4 22. Rd1 Nxd3 23. Nxe6 Rxe6 24. Qxd3 Qxd3 25. Rxd3 Rxf2 26. Kg1 Rfxe2 27. Nxe2 Rxe2 0-1